000 00645nam a22002057a 4500
003 OSt
005 20251125144305.0
008 251125b |||||||| |||| 00| 0 eng d
020 _a0-536-46183-x
040 _aDWC-Main Lib.
_cOC
082 _aCirc. 378.198 A792u 2007
245 _aArts 1110 : introduction to university : custom/
260 _aNew Jerssey :
_bPearson Education, Inc.,
_cc2007.
300 _aiii,291 p.,
_bb & w : ill. ;
_c23 cm.
500 _aIncludes index.
650 _a1. Academic development.
650 _a2. College student orientation.
650 _a3. Motivation in education.
942 _2ddc
_cBK-CIRC
_kCirc.
_n0
999 _c6296
_d6296